موسوعة مصر والقضية الفلسطينية : (Record no. 25050)
[ view plain ]
| 000 -الفاتح | |
|---|---|
| حقل البيانات ثابتة الطول | 01781nam a2200373 i 4500 |
| 003 - محدد رقم الضبط | |
| رقم الضبط | EG-ScBUE |
| 005 - وقت وتاريخ اخر تعامل مع التسجيلة | |
| رقم الضبط | 20240104100106.0 |
| 008 - عناصر البيانات ثابتة الطول - معلومات عامة | |
| حقل البيانات ثابتة الطول | 170719s2013 ua ab f be 000 0 ara d |
| 017 ## - رقم الإيداع القانونى | |
| رقم الإيداع القانونى | 2013 / 3722 |
| 020 ## - الرقم الدولى المعيارى للكتب | |
| الرقم الدولى المعيارى للكتاب | 9789777182195 |
| 040 ## - مصدر الفهرسة | |
| وكالة الفهرسة الأصلية | EG-ScBUE |
| لغة الفهرسة | ara |
| قواعد الوصف | rda |
| وكالة النسخ | EG-ScBUE |
| وكالة التعديل | EG-ScBUE |
| 043 ## - رمز المنطقة الجغرافية | |
| رمز المنطقة الجغرافية | f-ua--- |
| -- | awba--- |
| -- | awgz--- |
| 082 04 - رقم تصنيف ديوى العشرى | |
| رقم التصنيف | 956.94 |
| رقم المادة | م و س |
| رقم الطبعة | 22 |
| 245 00 - بيان العنوان | |
| العنوان | موسوعة مصر والقضية الفلسطينية : |
| بقية العنوان | حرب 1948 / |
| بيان المسئوليه,etc | تحرير عادل حسن غنيم. |
| 250 ## - بيان الطبعة | |
| بيان الطبعة | الطبعة الأولى. |
| 264 #1 - النشر، التوزيع | |
| مكان الناشر او الموزع | القاهرة : |
| اسم الناشر او الموزع | المجلس الأعلى للثقافة، |
| تاريخ النشر أو التوزيع | 2013. |
| 300 ## - الوصف المادى | |
| التعداد | 2 مجلد : |
| تفاصيل ماديه اخرى للوعاء | إيضاحيات، خرائط ؛ |
| أبعاد الوعاء | 24 سم. |
| 336 ## - نوع المحتوى | |
| source | rdacontent |
| Carrier Type Term | نص |
| Content Type Code | txt |
| 337 ## - نوع الوسيط | |
| Media Type Term | بدون وسيط |
| source | rdamedia |
| Media Type Code | n |
| 338 ## - نوع الحامل أو الناقل | |
| Carrier Type Term | مجلد |
| Carrier Type Code | nc |
| source | rdacarrier |
| 490 0# - بيان السلسلة | |
| عنوان السلسلة | المجلس الأعلى للثقافة. |
| -- | لجنة توثيق تاريخ مصر والقضية الفلسطينية |
| 490 0# - بيان السلسلة | |
| عنوان السلسلة | المجلس الأعلى للثقافة. |
| -- | لجنة تاريخ |
| 504 ## - تبصرة ببليوجرافية | |
| تبصرة ببليوجرافية,الخ | يشتمل على إرجاعات ببليوجرافية. |
| 590 ## - تبصرة محلية(RLIN) | |
| تبصرة محلية | Wessam |
| 650 #7 - المدخل الاضافى بالموضوع-مصطلح موضوعى | |
| مصطلح موضوعي أو اسم جغرافي كعنصر مدخل | النزاع العربي الإسرائيلي |
| التقسيم الفرعي الشكلي | دوائر معارف. |
| مصدر الرأس أو المصطلح | BUEsh |
| 650 #7 - المدخل الاضافى بالموضوع-مصطلح موضوعى | |
| مصطلح موضوعي أو اسم جغرافي كعنصر مدخل | القضية الفلسطينية |
| التقسيم الفرعي الشكلي | دوائر معارف. |
| مصدر الرأس أو المصطلح | BUEsh |
| 9 (RLIN) | 8530 |
| 651 #7 - المدخل الاضافى بالموضوع - اسم جغرافى | |
| الاسم الجغرافي | مصر |
| التقسيم الفرعي العام | علاقات خارجية |
| التقسيم الفرعي الجغرافي | فلسطين |
| التقسيم الفرعي الزمني | قرن 20 |
| التقسيم الفرعي الشكلي | دوائر معارف. |
| مصدر الرأس أو المصطلح | BUEsh |
| 651 #7 - المدخل الاضافى بالموضوع - اسم جغرافى | |
| الاسم الجغرافي | فلسطين |
| التقسيم الفرعي العام | علاقات خارجية |
| التقسيم الفرعي الجغرافي | فلسطين |
| التقسيم الفرعي الزمني | قرن 20. |
| التقسيم الفرعي الشكلي | دوائر معارف. |
| مصدر الرأس أو المصطلح | BUEsh |
| 651 #7 - المدخل الاضافى بالموضوع - اسم جغرافى | |
| الاسم الجغرافي | فلسطين |
| التقسيم الفرعي العام | سياسة وحكومة |
| التقسيم الفرعي الزمني | الاحتلال الإسرائيلي، 1948 |
| التقسيم الفرعي الشكلي | دوائر معارف. |
| مصدر الرأس أو المصطلح | BUEsh |
| 653 ## - مصطلح تكشيفى غير مقيد | |
| Resource For college | BAEPS, Political Science |
| Arrived date list | July2017 |
| 655 ## - مصطلح تكشيفى-نوع/شكل | |
| التقسيم الفرعي الشكلي | Reading book |
| 700 1# - المدخل الاضافى - اسم شخصى | |
| الإسم الشخصى | غنيم، عادل حسن، |
| الدور | محرر. |
| 942 ## - عناصر المدخل الإضافي( كوها) | |
| مصدر التصنيف او مخطط الترفيف | Dewey Decimal Classification |
| حالة التراجع | حالة الفقد | مصدر التصنيف او خطة الترفيف | حالة تلف | ليس للاعارة | مجموعات كوها | المكان الدائم | المكان الحالي | موقع الترفيف | تاريخ الاكتساب | Source of acquisition | سعر الشراء الطبيعي | تعداد مسلسل / التسلسل الزمني | رقم الاستدعاء | الباركود | Date last seen | التكلفة | نوع الوعاء |
|---|---|---|---|---|---|---|---|---|---|---|---|---|---|---|---|---|---|
| Dewey Decimal Classification | صندوق التنمية الثقافية | Central Library | Central Library | First floor | 19/07/2017 | Purchase | 40.00 | 2921 | 956.94 م و س | 000045225 | 15/07/2025 | 50.00 | Reference (NB) | ||||
| Dewey Decimal Classification | صندوق التنمية الثقافية | Central Library | Central Library | First floor | 19/07/2017 | Purchase | 40.00 | 2920 | 956.94 م و س | 000034272 | 15/07/2025 | 50.00 | Reference (NB) |